Mercados de trabajo, competitividad y convergencia /

Este trabajo plantea que uno de los interrogantes más importantes asociados al proceso de globalización atañe al tema de la convergencia (o divergencia) de los niveles salariales y condiciones laborales entre las economías que participan de dicho proceso. Tras constatar que, a lo largo del presente...

Πλήρης περιγραφή

Αποθηκεύτηκε σε:
Λεπτομέρειες βιβλιογραφικής εγγραφής
Κύριος συγγραφέας: Di Filippo, Armando
Άλλοι συγγραφείς: Franco, Rolando
Μορφή: Κείμενο
Θέματα:
Ετικέτες: Προσθήκη ετικέτας
Δεν υπάρχουν, Καταχωρήστε ετικέτα πρώτοι!

MARC

LEADER 00000 a a2200000 04500
001 17446
003
040
100 |a Di Filippo, Armando  
245 |a Mercados de trabajo, competitividad y convergencia /  |c Armando Di Filippo ; Rolando Franco 
520 |a Este trabajo plantea que uno de los interrogantes más importantes asociados al proceso de globalización atañe al tema de la convergencia (o divergencia) de los niveles salariales y condiciones laborales entre las economías que participan de dicho proceso. Tras constatar que, a lo largo del presente siglo se ha acentuado la divergencia entre los niveles de vida y condiciones salariales entre el "norte" y el "sur", el trabajo examina las perspectivas futuras en este campo atendiendo a las nuevas condiciones del escenario mundial y latinoamericano. REV//jmml  
650 |a MERCADO DE TRABAJO  
650 |a COMPETITIVIDAD  
650 |a SALARIOS  
650 |a EMPLEO  
650 |a REFORMA ECONOMICA  
650 |a INTEGRACION REGIONAL  
650 |a TECNOLOGIA  
650 |a COMPETENCIA  
700 |a Franco, Rolando  
773 |g número 14, volumen 4; páginas 9-20  
999 |c 40040  |d 40040